|
|
|
|
| LEADER |
00000nas a2200000 a 4500 |
| 001 |
ssj0000315835 |
| 003 |
WaSeSS |
| 005 |
20200512172242.0 |
| 006 |
m d |
| 007 |
cr n |
| 008 |
100210d20072011cc qr p s 0 a0eng d |
| 022 |
|
|
|a 1673-7512
|y 1673-7407
|
| 035 |
|
|
|a (WaSeSS)ssj0000315835
|
| 040 |
|
|
|a WaSeSS
|c WaSeSS
|d WaSeSS
|
| 050 |
|
4 |
|a TA1
|b .F766
|
| 245 |
0 |
0 |
|a Frontiers of architecture and civil engineering in China
|h [electronic resource].
|
| 260 |
|
|
|a [Beijing, China] :
|b Higher Education Press,
|c 2007-2011.
|
| 310 |
|
|
|a Quarterly
|
| 362 |
1 |
|
|a Began with Vol. 1, no. 1 (2007); ceased with Vol. 5 (4) (Dec. 2011)
|
| 500 |
|
|
|a Description based on: Vol. 1, no. 1 (2007); title from contents screen (MetaPress, viewed Feb. 10, 2010).
|
| 500 |
|
|
|a Latest issue consulted: Vol. 5, no. 4 (Dec. 2011) (ProQuest, viewed Jan. 17, 2018).
|
| 506 |
|
|
|a License restrictions may limit access.
|
| 650 |
|
0 |
|a Civil engineering
|v Periodicals.
|
| 655 |
|
0 |
|a Electronic journals.
|
| 776 |
0 |
8 |
|i Print version :
|t Frontiers of architecture and civil engineering in China
|x 1673-7407
|
| 785 |
0 |
0 |
|t Frontiers of structural and civil engineering
|x 2095-2449
|
| 856 |
4 |
0 |
|z Full text available from Research Library: 02/01/2007 to 12/31/2011
|u https://search.proquest.com/publication/105416
|